000 00739nam a2200205 a 4500
003 0
005 20250220121850.0
008 111115s19uu xx 00 eng d
050 _aPGS LB 1049.9.M78
_b.Ar683 2011
100 _aArevalo, Maricris.
245 _aMTV preference and listening skills of SISC students /
_cMaricris Arevalo.
260 _aLas PiƱas City, Philippines :
_bSouthville International School and Colleges,
_c2011.
300 _a16 pages :
_billustrations ;
_c28 cm.
504 _aIncludes bibliographical references.
650 _aMusic television (MTV).
650 _aTelevision programs
_vAudience.
650 _aListening comprehension
_vChildren.
650 _aChildren
_vMedia effects.
942 _2lcc
_cPASS
999 _c98692
_d98692